A DYNAMIC APPROACH TO TRESTORATIVE DENTISTRY (Record no. 3098)

MARC details
000 -LEADER
fixed length control field 00394nam a2200145Ia 4500
008 - FIXED-LENGTH DATA ELEMENTS--GENERAL INFORMATION
fixed length control field 150201s1980 xx 000 0 und d
082 ## - DEWEY DECIMAL CLASSIFICATION NUMBER
Classification number 617.69
Item number A 1980S
100 ## - MAIN ENTRY--PERSONAL NAME
Personal name SEIDE,LEONARD J.
245 #2 - TITLE STATEMENT
Title A DYNAMIC APPROACH TO TRESTORATIVE DENTISTRY
250 ## - EDITION STATEMENT
Edition statement 1ST
260 ## - PUBLICATION, DISTRIBUTION, ETC. (IMPRINT)
Name of publisher, distributor, etc. W.B.SAUNDERS
Place of publication, distribution, etc. CANADA
Date of publication, distribution, etc. 1980
300 ## - PHYSICAL DESCRIPTION
Extent 1-815
650 ## - SUBJECT ADDED ENTRY--TOPICAL TERM
Topical term or geographic name as entry element CONSERVATIVE DENTISTRY & ENDODONTICS
942 ## - ADDED ENTRY ELEMENTS (KOHA)
Source of classification or shelving scheme Dewey Decimal Classification
Koha item type Books
Holdings
Withdrawn status Lost status Source of classification or shelving scheme Damaged status Not for loan Home library Current library Date acquired Source of acquisition Cost, normal purchase price Serial Enumeration / chronology SGTU Bill Number Total Checkouts Full call number Barcode Date last seen Bill Date Koha item type
    Dewey Decimal Classification     SGT Dental Library SGT Dental Library 21/02/2005 U.B.S.DELHI 12.00 1 SGTU 268   617.69 A 1980S FD2995 04/10/2016 05/04/2012 Books